Zgadnij kraj pochodzenia samochodu - Statystyki

Ogólne statystyki
  • Ten quiz został rozwiązany 774 razy
  • Średni wynik to 38 z 50
Statystyki odpowiedzi
Marka Kraj % Poprawnych
BMW Niemcy
99%
Ferrari Włochy
96%
Citroën Francja
93%
Peugeot Francja
93%
Toyota Japonia
92%
Opel Niemcy
90%
Audi Niemcy
90%
Tesla Stany Zjednoczone
90%
Lamborghini Włochy
90%
Mercedes-Benz Niemcy
87%
Honda Japonia
86%
Ford Stany Zjednoczone
85%
Renault Francja
84%
Porsche Niemcy
83%
Fiat Włochy
83%
Nissan Japonia
81%
Polonez Polska
81%
Chevrolet Stany Zjednoczone
81%
Pagani Włochy
80%
Volvo Szwecja
79%
Alfa Romeo Włochy
79%
Mazda Japonia
78%
Mitsubishi Japonia
78%
KIA Korea Południowa
78%
Hyundai Korea Południowa
78%
Jeep Stany Zjednoczone
78%
Dodge Stany Zjednoczone
78%
Škoda Czechy
77%
Suzuki Japonia
77%
Maserati Włochy
76%
Lexus Japonia
75%
Seat Hiszpania
74%
Subaru Japonia
74%
Chrysler Stany Zjednoczone
74%
Bentley Wielka Brytania
74%
Jaguar Wielka Brytania
72%
Aston Martin Wielka Brytania
72%
Cadillac Stany Zjednoczone
71%
Land Rover Wielka Brytania
71%
Hummer Stany Zjednoczone
68%
McLaren Wielka Brytania
65%
Acura Japonia
64%
Pontiac Stany Zjednoczone
63%
Koenigsegg Szwecja
62%
Bugatti Francja
60%
Dacia Rumunia
60%
Infiniti Japonia
59%
Lancia Włochy
59%
Lotus Wielka Brytania
57%
Tata Indie
56%
Nie znaleziono quizów pasujących do podanych kryteriów
Rozkład punktacji
Procent ludzi z każdym wynikiem
Percentyl według liczby udzielonych odpowiedzi
Twoja historia wyników
Nie rozwiązałeś tego quizu